000
00265nam a22001217a 4500
008
180306b xxu||||| |||| 00| 0 eng d
041
_a
eng
080
_2
3 ed
_a
.33
100
_a
59
101
_a
bus
245
_a
valuning a business
_c
prattsh.p
942
_2
udc
_c
BK
999
_c
44210
_d
44210